| 000 | 02871nam a2200445 i 4500 | ||
|---|---|---|---|
| 001 | 768714001 | ||
| 003 | CO-MdFUSB | ||
| 005 | 20230915094029.0 | ||
| 007 | ta | ||
| 007 | ca aa aaaaa | ||
| 008 | 220121t2018 sp d|||| |||| 00| 0 spa d | ||
| 020 | _a9788417131036 | ||
| 040 |
_aCO-MdFUSB _bspa _cCO-MdFUSB _dCO-MdFUSBC _erda |
||
| 041 |
_aspa _heng |
||
| 082 |
_223 _a231.7652 _bL568 |
||
| 100 |
_aLennox, John C., _eautor |
||
| 240 | _aSeven days that divide the world. | ||
| 245 | 1 | 3 |
_aEl principio según el Genesis y la ciencia : _bsiete días que dividieron el mundo _c/ John C. Lennox _h[Físico y electrónico] |
| 264 | 1 |
_aBarcelona, España : _bClie, _c[2018] |
|
| 264 | 4 | _c© 2018 | |
| 300 |
_a166 páginas _c; 23 cm |
||
| 336 |
_2rdacontent _atexto _btxt |
||
| 337 |
_2rdamedia _asin mediación _bn |
||
| 337 |
_2rdamedia _ainformático _bc |
||
| 338 |
_2rdacarrier _avolumen _bnc |
||
| 338 |
_2rdacarrier _aremoto _bcr |
||
| 505 | _aPero ¿se mueve? una lección de la historia. -- Pero ¿se mueve? una lección acerca de la Escritura. -- Pero ¿es antigua? los días de la creación. -- Los seres humanos: ¿una creación especial? -- El mensaje de Génesis 1. | ||
| 506 | _aPréstamo en biblioteca del libro físico | ||
| 506 | _aSolicitar clave y usuario para acceder al libro electrónico. | ||
| 520 | _a"Una interpretación científicamente perspicaz, teológicamente sagaz y bíblicamente fiel a Génesis. Con ejemplos tomados de la historia misma, una breve pero completa exploración de las principales interpretaciones, y una mirada al significado particular de la creación de los seres humanos, Lennox sugiere que los cristianos pueden prestar atención al conocimiento científico moderno, mientras permanecen fieles a la narrativa bíblica. Va más allá de una sencilla respuesta a la controversia, e insiste en que Génesis nos enseña mucho más respecto al Dios de Jesucristo y sobre la intención de Dios en la creación que sobre la edad del planeta Tierra. Insistiendo en que Génesis nos enseña mucho más sobre el Dios de Jesucristo y sobre la intención de Dios para la creación que sobre la edad de la tierra. Con este libro, Lennox ofrece una introducción cuidadosa pero accesible a una interpretación del Génesis científicamente inteligente, teológicamente astuta y bíblicamente fiel". | ||
| 563 | _aRústico | ||
| 630 | 7 |
_aBiblia. _pGénesis _xCrítica, interpretación, etc. |
|
| 650 | 7 |
_9259 _aReligión y ciencia |
|
| 650 | 7 |
_9251 _aCreación |
|
| 856 |
_b2155360 _uhttp://search.ebscohost.com/login.aspx?direct=true&scope=site&db=nlebk&db=nlabk&AN=2155360 _zAbrir Versión electrónica del libro El principio según el Genesis y la ciencia : siete días que dividieron el mundo |
||
| 942 | _cBK | ||
| 945 | _aJTF-925 | ||
| 999 |
_c67105 _d67105 |
||